150 anys per créixer, 15 minuts per desaparèixer : aturem els incendis / Diputació de Barcelona, Xarxa de Municipis aturem els incendis / Diputació de Barcelona, Xarxa de Municipis
Descripción Física:
1 díptic ; 21 cm
Materias:
Incendis forestals -- Catalunya
MARC
| LEADER | 00000nam a2200000Ia 4500 | ||
|---|---|---|---|
| 001 | 15995 | ||
| 008 | 160829s9999 xx 000 0 cat d | ||
| 080 | |a FU-41-33 | ||
| 245 | |a 150 anys per créixer, 15 minuts per desaparèixer : |b aturem els incendis / Diputació de Barcelona, Xarxa de Municipis | ||
| 260 | |a Barcelona : |b Diputació de Barcelona, Institut d'Edicions, D.L. 2003 | ||
| 300 | |a 1 díptic ; |c 21 cm | ||
| 650 | 0 | |a Incendis forestals |x Catalunya |9 30778 | |
| 710 | 1 | |a Barcelona (Catalunya : Província). |b Diputació |9 52408 | |
| 901 | |a Arxiu | ||
| 942 | |n 1 | ||
| 952 | |0 0 |1 0 |4 0 |6 FU4133 |7 1 |9 48856 |a Arxiu |b Arxiu |d 2016-12-01 |l 0 |o FU-41-33 |p 15995 |r 2016-12-01 00:00:00 |w 2016-12-01 |y ARXIU | ||
| 999 | |c 52691 |d 52691 | ||